Statistics for Every City in Washington County, Rhode Island

Click here to take the quiz!

General Stats

  • This quiz has been taken 5 times
  • The average score is 6 of 9

Answers on the Map

Answers color-coded by a green-red scale on the quiz's map according to % correct below.
Loading ...
 

Answer Stats

City% Correct
Narragansett
100%
North Kingstown
80%
South Kingstown
80%
Charlestown
60%
Hopkinton
60%
Richmond
60%
Westerly
60%
Exeter
40%
New Shoreham
40%

Score Distribution

Percentile by Number Answered

Percent of People with Each Score

Your Score History

You have not taken this quiz